Famous fantasy couples - Statistics

General Stats
  • This quiz has been taken 35 times
    7 since last reset
  • The average score is 12 of 55
Answer Stats
Hint Extra Hint Answer % Correct
Aragorn the Strider Arwen Undómiel
83%
Han Solo the best pilot of the galaxy Leia Organa
83%
Jack Dawson "Do you trust me?" Rose DeWitt Bukater
83%
Philip Dunphy three children and a lots of laughter Claire Melinda Pritchett
67%
Fitzwilliam Darcy a very proud character Elizabeth Bennet
67%
Chandler Bing they are friends Monica Geller
67%
Jim Halpert they work in a office Pam Beesly
67%
Mario the Italian plummer who conquered the world princess Peach
67%
Harry Burns Think about when he meets her Sally Albright
67%
Heathcliff a tormented '800 hero Catherine Earnshaw
50%
Maria "The hills are alive with the sound of music" Georg von Trapp
50%
Leonard Hofstadter "New neighbor?" Penny
50%
Danny Zuko leather jacket and greasy hair Sandra Dee Olsson
50%
Alvy Singer he is the protagonist of the movie entitled with her name Annie Hall
33%
Derek Shepherd a sexy neurosurgeon Meredith Grey
33%
Rhett Butler "Frankly, my dear, I don't give a damn!" Scarlett O'Hara
33%
Radamès An opera in the ancient Egypt Aida
17%
Jack Jackson the constructor of a great cathedral Aliena of Shiring
17%
Alexei Kirillovich Vronsky Russia. Tolstoy. Anna Arkadyevna Karenina
17%
William Thacker Hugh Grant meet a famous actress Anna Scott
17%
Owen Grady A jurassic love Claire Dearing
17%
Philip Jennings an American. Maybe Elizabeth Jennings
17%
Johnny Castle from "Dirty dancing" Frances Houseman
17%
Romeo Montecchi Verona. Shakespeare. Giulietta Capuleti
17%
Paul Varjak an... expensive breakfast Holly Golightly
17%
Rick Blaine think of a Moroccan city Ilsa Rund
17%
Sir Edward Fairfax Rochester a Brontë character Jane Eyre
17%
Oliver Barrett IV a famous love story. Literally Jennifer Cavalleri
17%
Sebastian Wilder the male character of a great musical Mia Dolan
17%
Jake Sully turned blue in 3D Neytiri
17%
Cyrano de Bergerac the most famous nose in literature. After Pinocchio Rossana
17%
Edward Lewis he falls in love with a pretty woman Vivian Ward
17%
Jack Traven they meet on a bus running over 50 mph Annie Porter
0%
Robbie Turner "Come back to me!" Cecilia Tallis
0%
Lothar de la Rey the "Courteney of Africa" saga Centaine de Thiry
0%
Wilhelm Winter from a German WWII great tv series Charlotte
0%
Lt. B.F. Pinkerton "Un bel dì vedremo" Cio Cio-san
0%
Esteban Trueba the protagonist of "The house of the spirits" Clara Del Valle
0%
Joel Barish the protagonist of "Eternal sunshine of the spotless mind" Clementine Kruczynski
0%
Guido Orefice "Good morning, princess!" Dora
0%
John Michael Dorian better known as "J.D." Elliot Reid
0%
C.C. Baxter from the Wilder movie "The apartment" Fran Kubelik
0%
Arthur Dimmesdale think of a red vocal Hester Prynne
0%
Ennis Del Mar a cowboy Jack Twist
0%
James Ford better known as Sawyer Juliet Burke
0%
Renzo Tramaglino from the Italian historic novel "I promessi sposi" ("The Betrothed") Lucia Mondella
0%
the Master "Manuscripts don't burn" Margarita Nikolaevna
0%
Anton "Tony" Wyzek "Tonight, tonight" Maria Nunez
0%
Andrei Nikolayevich Bolkonsky a prince for war and peace times Natalya Ilyinichna Rostova
0%
Leo Wyatt "The power of three will set us free" Piper Halliwell
0%
Jake Epping from the great "22/11/1963" King's novel Sadie Dunhill
0%
Chuck Burtowski "stay in the car!" Sarah Walker
0%
Christian Paris, 1899 Satine
0%
Rob Norris from the tiny, beautiful "Catastrophe" tv series Sharon
0%
José Arcadio Buendía from the Marquez masterpiece "One hundred years of solitude" Ursula Iguarán
0%
No matching quizzes found
Score Distribution
Percent of People with Each Score
Percentile by Number Answered
Your Score History
You have not taken this quiz since the last reset